Talia al Ghul - Portrayals by Picture - Statistics

General Stats
  • This quiz has been taken 3 times
  • The average score is 1 of 12
Answer Stats
Picture Answer % Correct
Marion Cotillard
67%
Helen Slater / Olivia Hussey
33%
Olivia Hussey
33%
Andrea Bolden
0%
Ellie McBride
0%
Emily O'Brien
0%
Lexa Doig
0%
Milli Wilkinson
0%
Morena Baccarin
0%
Stana Katic
0%
Zehra Fazal
0%
Zehra Fazal
0%
No matching quizzes found
Score Distribution
Percent of People with Each Score
Percentile by Number Answered
Your Score History
You have not taken this quiz